[Event "Oberliga Bayern9899"]
[Site "Bayern"]
[Date "1999.??.??"]
[Round "?"]
[White "Reilein, Christian"]
[Black "Frobenius, Wolfram"]
[Result "1/2-1/2"]
[WhiteElo "2310"]
[BlackElo "2175"]

1.d4 d5 2.Nf3 Nf6 3.c4 c6 4.Nc3 e6 5.Qb3 Be7 6.g3 O-O 7.Bg2 b6 8.Ne5 Bb7
9.O-O Nbd7 10.Nxd7 Qxd7 11.Rd1 Ba6 12.cxd5 cxd5 13.e4 Bc4 14.Qc2 dxe4 15.Nxe4 Bd5
16.Be3 Rac8 17.Qd3 Nxe4 18.Bxe4 Bxe4 19.Qxe4 Rfd8 20.Rac1 Bf6 21.b3 h6 22.Rxc8 Qxc8
23.Rc1 Qd7 24.Rc4 Qd5 25.Qg4 h5 26.Qf4 h4 27.gxh4 Qh5 28.Qe4 Bxh4 29.Rc7 a5
30.Rb7 b5 31.Kg2 Bf6 32.a3 Qe2 33.Qf4 Qd3 34.Qc7 Qg6+ 35.Kf1 Qd3+ 36.Ke1 Qxb3
37.Qxf7+ Kh8 38.Qg6 Qd5 39.Rf7 Qf5 40.Qxf5 exf5 41.Rb7 Rd5 42.Ke2 Kg8 43.Bd2 a4
44.Bc3 Kf8 45.Bb4+ Ke8 46.Bc5 Bxd4 47.Bxd4 Rxd4 48.Rxb5 f4 49.Rb7 Kf8 50.Ra7 Kg8
51.f3 Kh7 52.Re7 Kh6 53.h4 g5 54.hxg5+ Kxg5 55.Re5+ Kf6 56.Re4 Rxe4+ 57.fxe4 Ke6
58.Kf2 Kf6 59.Ke2 Ke6 60.Kf2 Kf6  1/2-1/2

[Event "Cannes"]
[Site "Cannes"]
[Date "1999.??.??"]
[Round "2"]
[White "Souche, Thierry"]
[Black "Novikov, Igor A"]
[Result "0-1"]
[WhiteElo "2146"]
[BlackElo "2601"]

1.c4 e6 2.Nc3 d5 3.d4 c6 4.Nf3 Nf6 5.Bf4 dxc4 6.a4 Bb4 7.e3 Nd5 8.Rc1 Nxf4
9.exf4 b5 10.Ne5 Bb7 11.axb5 cxb5 12.Nxf7 Kxf7 13.Qh5+ g6 14.Qxb5 Qb6 15.Qxb6 axb6
16.Bxc4 Bxg2 17.Rg1 Bd5 18.Bxd5 Bxc3+ 19.bxc3 exd5  0-1

[Event "Canovelles opB"]
[Site "Canovelles"]
[Date "1999.??.??"]
[Round "6"]
[White "Bernardez Rodriguez, J."]
[Black "Rodenas Balana, L."]
[Result "1/2-1/2"]
[WhiteElo "1940"]
[BlackElo "1900"]

1.d4 d5 2.c4 c6 3.Nc3 Nf6 4.Nf3 e6 5.Bf4 Nbd7 6.c5 Be7 7.e3 b5 8.b4 a5 9.a3 Nh5
10.Bg3 Nxg3 11.hxg3 Bf6 12.Bd3 g6 13.Be2 e5 14.Nh2 exd4 15.exd4 Bg7 16.O-O axb4
17.Bxb5 cxb5 18.Re1+ Kf8 19.Nxb5 bxa3 20.Nd6 Nf6 21.Qf3 Be6 22.Qf4 Kg8 23.Ng4 h5
24.Ne5 Bh6 25.Qf3 Kg7 26.Qd3 Ne4 27.Nxe4 dxe4 28.Qxe4 Qd5 29.Qd3 Rhd8 30.Rxa3 Rxa3
31.Qxa3 Qxd4 32.Nc6 Qd3 33.Qa1+ Kg8 34.Nxd8 Qxd8 35.Rd1 Qc7 36.Qf6 Bf8 37.Qd8 Qxc5
38.Qb8 Kg7 39.Rd8 Kg8 40.Kh2 Qe7 41.Re8 Qc5  1/2-1/2

[Event "Tres Peons op"]
[Site "ESP"]
[Date "1999.??.??"]
[Round "8"]
[White "Pujol Clua, Ramon"]
[Black "Saez Aguello, JM."]
[Result "1-0"]
[WhiteElo "2085"]
[BlackElo "1845"]

1.d4 d5 2.Nf3 Nf6 3.c4 e6 4.Nc3 c6 5.Bf4 Bd6 6.Bxd6 Qxd6 7.e3 O-O 8.Bd3 dxc4
9.Bxc4 Nbd7 10.O-O b5 11.Bd3 Bb7 12.Rc1 a6 13.a3 Qe7 14.e4 c5 15.d5 Nb6 16.dxe6 fxe6
17.Qe2 Nh5 18.Bb1 Nf4 19.Qc2 Rf6 20.Ne2 Nxe2+ 21.Qxe2 Raf8 22.Rc3 Rh6 23.Rfc1 c4
24.b3 Qf6 25.Qe3 e5 26.Ba2 Rc8 27.bxc4 bxc4 28.Bxc4+ Nxc4 29.Rxc4 Rxc4 30.Rxc4 Qd6
31.Qb3 Qb6 32.Rb4+  1-0

[Event "Kharkov"]
[Site "Kharkov"]
[Date "1999.??.??"]
[Round "10"]
[White "Tikhomirov, Alexey"]
[Black "Iljin, Stanislav"]
[Result "0-1"]
[WhiteElo "2319"]
[BlackElo "2355"]

1.d4 d5 2.c4 c6 3.Nc3 Nf6 4.Nf3 e6 5.Qb3 Bd6 6.Bg5 Nbd7 7.cxd5 exd5 8.e3 O-O
9.Bd3 Re8 10.O-O Nf8 11.Rae1 Ng6 12.e4 Nf4 13.Bxf4 Bxf4 14.e5 Nh5 15.Ne2 Bg4
16.Bb1 Qb6 17.Qd3 g6 18.h3 Bxf3 19.Qxf3 Bd2 20.Rd1 Qxb2 21.g4 Ng7 22.Qd3 Bb4
23.Qe3 c5 24.f4 Rac8 25.f5 cxd4 26.Qf3 Rxe5 27.Nf4 d3 28.fxg6 fxg6 29.Nxd3 Qd4+
30.Kg2 Ree8 31.Nf4 Qe5 32.Kh1 Bd6 33.Qxd5+ Qxd5+ 34.Nxd5 Be5 35.Nf6+ Bxf6
36.Rxf6 Ne6 37.Be4 Kg7 38.Rdf1 Ng5 39.Bxb7 Re3 40.Bg2 Nxh3 41.Rf7+ Kh6 42.Bxh3 Rxh3+
43.Kg2 Ra3 44.R1f2 Rc4 45.g5+ Kxg5 46.Rxh7 Rca4 47.Rh3 Rxa2 48.Rg3+ Kh6 49.Rh3+ Kg7
50.Rc3 Rxf2+ 51.Kxf2 Kf6 52.Kf3 g5 53.Rc6+ Kf5 54.Rc5+ Kg6 55.Rc7 a5 56.Ra7 Rf4+
57.Kg3 a4 58.Ra8 Rd4 59.Kf3 g4+ 60.Kg3 Kf5 61.Ra5+ Ke6 62.Kf2 Rf4+ 63.Kg3 Rc4
64.Kh4 Kd6 65.Kg3 Kc6 66.Kh4 Kb6 67.Ra8 Kb5 68.Rb8+ Kc5  0-1

[Event "Mislata op8th"]
[Site "Valencia"]
[Date "1999.??.??"]
[Round "1"]
[White "Granero Roca, Antonio"]
[Black "Valero Perez, Francisco Javier"]
[Result "1-0"]
[WhiteElo "2388"]
[BlackElo "2237"]

1.c4 Nf6 2.Nc3 e6 3.d4 d5 4.Nf3 c6 5.Qb3 Bd6 6.Bg5 h6 7.Bxf6 Qxf6 8.e4 dxe4
9.Nxe4 Qe7 10.Bd3 Bb4+ 11.Kf1 O-O 12.c5 Ba5 13.Bb1 Bc7 14.Ne5 Rd8 15.Qe3 b6
16.f4 f5 17.Nd2 bxc5 18.dxc5 Bxe5 19.fxe5 Qd7 20.Ke1 Qd5 21.Bc2 Qxg2 22.Rg1 Qxh2
23.Bb3 Rxd2 24.Rf1 Rd8 25.Rxf5 Ba6 26.Bxe6+ Kh8 27.Rc1 Qh1+ 28.Kf2 Qh4+ 29.Kg1 Nd7
30.Rf7 Nf8 31.Bf5 Rd4 32.e6 Rg4+ 33.Bxg4 Qxg4+  1-0

[Event "Mislata op8th"]
[Site "Valencia"]
[Date "1999.??.??"]
[Round "3"]
[White "Granero Roca, Antonio"]
[Black "Delgado Crespo, Mairelys"]
[Result "1-0"]
[WhiteElo "2388"]
[BlackElo "2295"]

1.c4 e6 2.Nf3 d5 3.d4 Nf6 4.Nc3 c6 5.Qb3 dxc4 6.Qxc4 b5 7.Qd3 Nbd7 8.g3 Bb7
9.Bg2 a6 10.Bg5 c5 11.O-O Be7 12.Rfd1 O-O 13.Ne5 Bxg2 14.Kxg2 Nxe5 15.dxe5 Nd5
16.Bxe7 Nxe7 17.Qd6 c4 18.Qc5 Rc8 19.Qa7 Qc7 20.Qxc7 Rxc7 21.Rd6 Nc6 22.f4 h6
23.Rad1 Rb8 24.Ne4 a5 25.Kf2 Rbc8 26.g4 b4 27.Rc1 c3 28.bxc3 Ne7 29.Ra6 Nd5
30.Nd6 Rxc3 31.Rxc3 Rxc3 32.Ra8+ Kh7 33.f5 Ne3 34.h3 h5 35.Nxf7 exf5 36.gxh5 g6
37.h6 g5 38.e6 Nd5 39.Rh8+ Kg6 40.Rg8+ Kf6 41.Nxg5 Ne7 42.h7  1-0

[Event "Vammala We VammSK"]
[Site "Vammala"]
[Date "1999.??.??"]
[Round "2"]
[White "Martynov, Pavel"]
[Black "Lehti, Juhani"]
[Result "1-0"]
[WhiteElo "2455"]
[BlackElo "2070"]

1.d4 d5 2.Nf3 c6 3.c4 e6 4.Qb3 Nf6 5.Nc3 Nbd7 6.g3 Nb6 7.c5 Nbd7 8.Bg2 b6
9.cxb6 Qxb6 10.Qc2 Bb4 11.O-O O-O 12.Bf4 Bxc3 13.bxc3 c5 14.Rab1 Qc6 15.Ne5 Nxe5
16.dxe5 Nd7 17.e4 c4 18.Rfd1 Nb6 19.Be3 Rd8 20.Rb4 Rb8 21.a4 a5 22.Rb5 Ba6
23.Rxb6 Rxb6 24.exd5 exd5 25.Bxb6 Qxb6 26.Rxd5 Re8 27.Rd6 Qa7 28.Bc6 Rf8
29.Qe4 Qc5 30.Bd5 Bc8 31.Qxc4 Qa3 32.Kg2 Qc1 33.Qf4 Qxc3 34.Qxf7+ Rxf7 35.Rd8+  1-0

[Event "Wisla Hugart op (Women)"]
[Site "Warsaw"]
[Date "1999.??.??"]
[Round "?"]
[White "Agababean, Naira"]
[Black "Ioseliani, Nana"]
[Result "0-1"]
[WhiteElo "2352"]
[BlackElo "2493"]

1.d4 d5 2.Nf3 Nf6 3.c4 e6 4.Nc3 c6 5.Bf4 dxc4 6.e4 b5 7.Be2 b4 8.Na4 Ba6
9.Qc2 Qa5 10.O-O Nbd7 11.b3 c3 12.Bxa6 Qxa6 13.a3 bxa3 14.Nxc3 Qb7 15.Bc1 Rb8
16.Nd2 e5 17.dxe5 Nxe5 18.Bxa3 Bxa3 19.Rxa3 O-O 20.Rfa1 Ra8 21.Nc4 Nxc4 22.bxc4 Rfe8
23.f3 a5 24.Na4 Rab8 25.g3 h5 26.Kh1 Qb4 27.R3a2 Qe7 28.Nc3 Nd7 29.Nd1 Nc5
30.Rxa5 Nb3 31.Ra7 Nxa1 32.Rxa1 Qf6 33.Ra3 Red8  0-1

[Event "VII Anibal Open"]
[Site "Linares ESP"]
[Date "2000.01.09"]
[Round "3"]
[White "Hauchard,A"]
[Black "Ippolito,D"]
[Result "1/2-1/2"]
[WhiteElo "2518"]
[BlackElo "2351"]

1.c4 e6 2.Nf3 d5 3.d4 Nf6 4.Nc3 c6 5.Qb3 Nbd7 6.Bg5 h6 7.Bh4 a5 8.cxd5 exd5
9.e3 Be7 10.Bd3 O-O 11.Qc2 Re8 12.Nd2 Bd6 13.O-O-O b5 14.Kb1 Qb6 15.Bf5 a4
16.g4 Qa6 17.g5 hxg5 18.Bxg5 b4 19.Bd3 Qa7 20.Ne2 Ba6 21.Ng3 b3  1/2-1/2

[Event "VII Anibal Open"]
[Site "Linares ESP"]
[Date "2000.01.12"]
[Round "6"]
[White "Hauchard,A"]
[Black "Korneev,O"]
[Result "1/2-1/2"]
[WhiteElo "2518"]
[BlackElo "2615"]

1.d4 d5 2.c4 e6 3.Nc3 c6 4.Nf3 Nf6 5.Qb3 dxc4 6.Qxc4 b5 7.Qd3 Bb7 8.a3 Nbd7
9.e4 b4 10.axb4 Bxb4 11.e5 Nd5 12.Bd2 c5 13.Be2 h6 14.O-O O-O 15.Nxd5 Bxd5
16.Bxb4 cxb4 17.Qb5 a5 18.Rfc1 Ra7 19.Ne1 Qb6 20.Qd3 Rd8 21.Bf3 Nf8 22.Bxd5 Rxd5
23.Nf3 Rad7 24.h4 Ng6 25.Qe4 Ne7 26.g4 Nc6 27.g5 Nxd4 28.gxh6 Nxf3+ 29.Qxf3 Qb8
30.Qg3 g6 31.h5 Kh7 32.hxg6+ fxg6 33.Rc6 Qa8 34.Rac1 Rd1+ 35.Kh2 Rxc1 36.Rxc1 Qe4
37.Rc8 Rd1 38.Rc7+ Kh8 39.Rc8+ Kh7 40.Rc7+ Kxh6 41.Qh3+ Kg5 42.Qg3+  1/2-1/2

[Event "V Ubeda Open"]
[Site "Ubeda ESP"]
[Date "2000.01.26"]
[Round "8"]
[White "Tregubov,P"]
[Black "Yagupov,I"]
[Result "1-0"]
[WhiteElo "2615"]
[BlackElo "2482"]

1.d4 d5 2.Nf3 Nf6 3.c4 c6 4.Nc3 e6 5.Qb3 dxc4 6.Qxc4 b5 7.Qd3 Bb7 8.e4 b4
9.Na4 Nbd7 10.e5 Nd5 11.Bd2 Qa5 12.b3 N5b6 13.a3 h6 14.Be2 Nd5 15.O-O Qc7
16.axb4 Nxb4 17.Qe4 a5 18.Rfc1 g6 19.Nc5 Nxc5 20.dxc5 Nd5 21.Ra4 Be7 22.Bd3 Kf8
23.h4 Kg7 24.h5 gxh5 25.Nd4 Kf8 26.Be2 Bd8 27.Bxh5 Qe7 28.Ra3 Qh4 29.Nxe6+ fxe6
30.Qf3+ Nf6 31.exf6 Qxf6 32.Bf4 Rh7 33.Bd6+ Kg8 34.Ra4 Qxf3 35.Bxf3 Bf6 36.Re1 e5
37.Bxe5 Re7 38.Rg4+ Bg7 39.Rxg7+ Rxg7 40.Bxg7  1-0

[Event "Goodricke Open"]
[Site "Calcutta IND"]
[Date "2000.02.11"]
[Round "6"]
[White "Korchnoi,V"]
[Black "Sandipan,C"]
[Result "1/2-1/2"]
[WhiteElo "2659"]
[BlackElo "2424"]

1.c4 e6 2.Nc3 d5 3.d4 c6 4.Qb3 Nf6 5.Nf3 dxc4 6.Qxc4 b5 7.Qd3 Bb7 8.e4 b4
9.Na4 Ba6 10.Qc2 Bxf1 11.Rxf1 Be7 12.Bg5 O-O 13.O-O-O Nbd7 14.Kb1 Rc8 15.Rfe1 Re8
16.b3 h6 17.Bh4 Qa5 18.Nb2 Nb6 19.Nc4 Nxc4 20.Qxc4 Nd7 21.Bxe7 Rxe7 22.Rc1 Ree8
23.Red1 c5 24.Ne5 Nxe5 25.dxe5 Qc7 26.Rd6 Qe7 27.g3 Qg5 28.f4 Qh5 29.Rc2 Qf3
30.Kb2 a5 31.Rd3 Qh1 32.Rcd2 Ra8 33.f5 a4 34.bxa4 Rxa4 35.fxe6 Rxe6 36.Rd6 Kh7
37.Rxe6 fxe6 38.Qxc5 Qxe4 39.Qd4 Qf3 40.Qd3+ Qxd3 41.Rxd3 Kg6  1/2-1/2

[Event "16th open"]
[Site "Cappelle La Grande FRA"]
[Date "2000.02.21"]
[Round "4"]
[White "Tregubov,P"]
[Black "Grabarczyk,M"]
[Result "1/2-1/2"]
[WhiteElo "2615"]
[BlackElo "2522"]

1.d4 d5 2.Nf3 Nf6 3.c4 c6 4.Nc3 e6 5.Qb3 Nbd7 6.Bg5 Qa5 7.Bd2 dxc4 8.Qxc4 Qb4
9.e4 Qxc4 10.Bxc4 a6 11.a4 b6 12.O-O Bb7 13.Rfe1 Be7 14.Ba2 O-O 15.h3 Rfe8
16.Rac1 Rac8 17.Bf4 Bb4 18.Ne5 Nxe5 19.Bxe5 b5 20.Re2  1/2-1/2

[Event "zt3.2a"]
[Site "Vung Tau VIE"]
[Date "2000.05.28"]
[Round "8"]
[White "Adianto,U"]
[Black "Villamayor,B"]
[Result "0-1"]
[WhiteElo "2584"]
[BlackElo "2474"]

1.d4 d5 2.c4 c6 3.Nf3 Nf6 4.Nc3 e6 5.Qb3 dxc4 6.Qxc4 b5 7.Qb3 Nbd7 8.Bg5 Be7
9.g3 b4 10.Na4 Ba6 11.Bg2 Bb5 12.Bxf6 gxf6 13.O-O Qa5 14.Nc5 Nxc5 15.dxc5 Bxc5
16.Rac1 Qb6 17.Qc2 Bd6 18.Rfd1 Rd8 19.Qe4 c5 20.Nh4 Be7 21.Bf3 Kf8 22.Ng2 Kg7
23.Qg4+ Kf8 24.Nf4 f5 25.Qh5 h6 26.e4 fxe4 27.Bxe4 Be8 28.Rxd8 Qxd8 29.Rd1 Qb8
30.Qf3 Kg8 31.Qg4+ Kf8 32.Rd3 Qe5 33.Qf3 Bf6 34.b3 Bb5 35.Rd1 Ke7 36.Bd3 Bd7
37.Bg6 Rd8 38.Qb7 Bg5 39.Nd3 Qd5 40.Qxd5 exd5 41.Re1+ Kf8 42.Bh5 c4 43.Nc5 Bf5
44.Re5 Bb1 45.Bf3 c3 46.Bxd5 Bf6 47.Rh5 Bg6  0-1

[Event "FSIMA July"]
[Site "Budapest HUN"]
[Date "2000.07.10"]
[Round "10"]
[White "Kahn,E"]
[Black "Erenburg,S"]
[Result "0-1"]
[WhiteElo "2301"]
[BlackElo "2325"]

1.d4 d5 2.c4 c6 3.Nf3 Nf6 4.Nc3 e6 5.Qb3 Nbd7 6.g3 Bd6 7.Bg2 O-O 8.O-O dxc4
9.Qxc4 e5 10.Rd1 Qe7 11.dxe5 Nxe5 12.Nxe5 Bxe5 13.Qh4 Bxc3 14.bxc3 Qxe2 15.Bg5 Ng4
16.Rd2 Qe5 17.Rd4 Qe2 18.Rd2 Qc4 19.Re1 Qxc3 20.Rde2 Bd7 21.h3 Nf6 22.Re3 Qb2
23.Rb3 Qxa2 24.Bxf6 gxf6 25.Rxb7 Bf5 26.Qxf6 Bg6 27.h4 Rfe8 28.Rbe7 Rxe7
29.Qxe7 Rb8 30.Bxc6 Rb1 31.Qe8+ Kg7 32.Qe5+ f6 33.Qe7+ Qf7 34.Qe2 Rxe1+ 35.Qxe1 Qc7
36.Bf3 Qe5 37.Qc1 a5 38.Qc6 Bf7 39.Kg2 Qd4 40.Qb5 a4 41.Qa5 Qc4 42.h5 h6
43.Qa7 Qb3 44.Be4 a3 45.Bg6 a2 46.Bxf7 Qxf7 47.Qa5 Qc4 48.Qa7+ Kf8 49.Qb8+ Ke7
50.Qa7+ Kd6 51.Qb8+ Kc5 52.Qa7+ Kb4 53.Qe7+ Kc3 54.Qxf6+ Qd4 55.Qa6 Kb3 56.Qb5+ Kc3
57.Qa6 Qd5+ 58.Kh2 Qxh5+ 59.Kg2 Qd5+ 60.Kh2 Kb2 61.Qe2+ Kc1 62.Qe1+ Kc2 63.Qe2+ Qd2
64.Qc4+ Kb2 65.Qb5+ Kc3 66.Qa5+ Kd3 67.Qb5+ Kc2 68.Qc4+ Kb2 69.Qb5+ Kc1 70.Qf1+ Qd1
71.Qa6 Qh5+ 72.Kg1 Qd1+ 73.Kh2 Qd2 74.Kg2 Kd1 75.Qa3  0-1

[Event "Schuhplattler Veterans vs Ladies"]
[Site "Munich GER"]
[Date "2000.07.13"]
[Round "8"]
[White "Korchnoi,V"]
[Black "Galliamova,A"]
[Result "1/2-1/2"]
[WhiteElo "2620"]
[BlackElo "2526"]

1.d4 d5 2.c4 c6 3.Nf3 Nf6 4.Nc3 e6 5.Qb3 Be7 6.Bg5 O-O 7.e3 a6 8.Rc1 Nbd7
9.Be2 dxc4 10.Qxc4 b5 11.Qd3 c5 12.O-O Bb7 13.Rfd1 b4 14.Na4 cxd4 15.Qxd4 Qa5
16.Bxf6 Nxf6 17.Qb6 Qxb6 18.Nxb6 Rab8 19.Ne5 Rfd8 20.Nc6 Bxc6 21.Rxc6 Rxd1+
22.Bxd1 Rd8 23.Bc2 Rd2 24.Kf1 g6 25.Nc8 Bf8 26.Ke1 Rd8 27.Ke2 Bg7 28.Nb6 Nd5
29.Nc4 Ra8 30.Be4 h6 31.Rc5 Rd8 32.g3 Nf6 33.Bb7 Nd7 34.Ra5 Rb8 35.Bxa6 Ra8
36.Bb5 Rxa5 37.Nxa5 Nb6 38.Nc6 Bxb2 39.Nxb4 Kf8 40.a4 Bc3 41.Nc6 Nd5 42.Bc4 Ne7
43.Nd4 Nc8 44.Nb3 Nd6 45.Kd3 Bb4 46.a5 Ke7 47.a6 Nc8 48.Bb5 g5 49.Bc6 Kd6
50.Bb7 Na7 51.g4 f6 52.Nd4 Be1 53.f3 Ba5 54.Be4 Bb6 55.Kc4 Ke5 56.Bh7 Kd6
57.h3 Kd7 58.Bg8 Kd6 59.Kd3 Nc6 60.Nxc6 Kxc6 61.Bxe6 Kd6 62.Bc8 Ke5 63.f4+ Kd6
64.Ke4 Kc7 65.Be6 Ba7 66.Bc4 Bc5 67.Kf3 Bd6 68.fxg5 hxg5 69.Ke4 Ba3 70.Kf5 Bb2
71.Kg6 Be5 72.Bf1 Kb6 73.Kf5 Bc3  1/2-1/2

[Event "A64 Open"]
[Site "Olomouc CZE"]
[Date "2000.08.07"]
[Round "6"]
[White "Johansson,Ja"]
[Black "Tolstikh,N"]
[Result "1/2-1/2"]
[WhiteElo "2353"]
[BlackElo "2417"]

1.d4 d5 2.c4 e6 3.Nf3 Nf6 4.Nc3 c6 5.Qb3 dxc4 6.Qxc4 b5 7.Qb3 Nbd7 8.g3 b4
9.Na4 Ba6 10.Bg2 Rc8 11.Qd1 Be7 12.O-O O-O 13.a3 bxa3 14.b3 Qa5 15.Re1 Rfd8
16.Bxa3 Bxa3 17.Rxa3 Qb4 18.Qa1 Bb5 19.Nc3 a6 20.Qb2 h6 21.Rc1 Nd5 22.Nxb5 axb5
23.Ne1 c5 24.Bxd5 exd5 25.Nd3 Qxd4 26.Qxd4 cxd4 27.Rxc8 Rxc8 28.Ra7 Nc5 29.Nxc5 Rxc5
30.Rb7 Rc2 31.Rxb5 Rxe2 32.Rxd5 Rb2 33.Rxd4  1/2-1/2

[Event "Antwerp Chess Event"]
[Site "Deurne BEL"]
[Date "2000.08.25"]
[Round "6"]
[White "Lavrenov,Y"]
[Black "Lacrosse,M"]
[Result "0-1"]
[WhiteElo "2135"]
[BlackElo "2298"]

1.d4 d5 2.Nf3 Nf6 3.c4 e6 4.Nc3 c6 5.Qb3 dxc4 6.Qxc4 b5 7.Qb3 Be7 8.Bg5 Nbd7
9.e3 a6 10.Bxf6 Nxf6 11.Be2 Bb7 12.O-O O-O 13.Rfd1 Qa5 14.Ne1 c5 15.dxc5 Bxc5
16.Bf3 Bxf3 17.Nxf3 Rfd8 18.Ng5 Rxd1+ 19.Rxd1 Rd8 20.Nge4 Be7 21.Rxd8+ Qxd8
22.Nxf6+ Bxf6 23.a4 Qa5 24.g3 Bxc3 25.bxc3 Qxa4 26.Qb1 a5 27.Qd3 h6 28.h4 b4
29.Qd8+ Kh7 30.Qd3+ f5 31.cxb4 Qxb4 32.Qd7 Qb1+ 33.Kh2 Qa2 34.Kg1 Qb1+ 35.Kh2 Qa2
36.Kg1 Qd5 37.Qf7 Qd1+ 38.Kg2 Qd5+ 39.Kg1 Qe5 40.h5 Qf6 41.Qe8 Qg5 42.Kg2 Qf6
43.f4 Qb2+ 44.Kh3 Qf6 45.Kg2 a4 46.Qxa4 Qb2+ 47.Kh3 Qc1 48.Kg2 Qd2+ 49.Kf3 Qe1
50.Qc6 Qh1+ 51.Kf2 Qh2+ 52.Kf1 Qxh5 53.Qxe6 Qf3+ 54.Ke1 Qxg3+ 55.Kd2 Qg4
56.Qd5 h5 57.Ke1 h4 58.Kf2 h3 59.Qf3 Kh6 60.Qc6+ g6 61.Qf3 h2 62.Qh1 Qh3
63.Ke2 Kh5 64.Kf2 Kh4 65.Ke2 Qg3 66.Kf1 Kh3 67.Ke2 Qg2+  0-1

[Event "It"]
[Site "Herzeliya ISR"]
[Date "2000.09.10"]
[Round "5"]
[White "Zilberman,Y"]
[Black "Haimovich,T"]
[Result "1-0"]
[WhiteElo "2488"]
[BlackElo "2322"]

1.d4 d5 2.c4 c6 3.Nc3 Nf6 4.Nf3 e6 5.Qb3 Nbd7 6.g3 Be7 7.Bg2 O-O 8.O-O a6
9.Bf4 b5 10.cxd5 exd5 11.Rac1 a5 12.Rfd1 Ba6 13.Ne5 Rc8 14.e4 Nb6 15.Bh3 Nc4
16.exd5 Nxd5 17.Nxd5 Qxd5 18.Bg2 Qe6 19.Nxc6 a4 20.Qf3 Bd6 21.Re1 Qd7 22.Bxd6 Nxd6
23.h4 Bb7 24.d5 Rfe8 25.Kh2 f5 26.Qf4 Ne4 27.Red1 Nf6 28.Kg1 Re2 29.Bf3 Rxb2
30.Qe5 Rxa2 31.Ne7+ Kh8 32.Nxc8 Bxc8 33.Qb8  1-0

[Event "34th Olympiad"]
[Site "Istanbul TUR"]
[Date "2000.11.05"]
[Round "8"]
[White "Georgiev,Ki"]
[Black "Morovic Fernandez,I"]
[Result "1-0"]
[WhiteElo "2661"]
[BlackElo "2608"]

1.d4 d5 2.c4 c6 3.Nf3 Nf6 4.Nc3 e6 5.Qb3 Nbd7 6.Bg5 Be7 7.e3 O-O 8.Rc1 Re8
9.a3 a6 10.cxd5 Nxd5 11.Bxe7 Qxe7 12.Be2 Nxc3 13.Qxc3 e5 14.O-O exd4 15.Nxd4 Nf6
16.Rfd1 Ne4 17.Qa5 c5 18.Nc2 Rb8 19.f3 Nf6 20.e4 b6 21.Qc3 b5 22.Ne3 c4 23.Rd4 Be6
24.f4 Bd7 25.e5 Bc6 26.Nf5 Qa7 27.exf6 Rxe2 28.Ne7+ Rxe7 29.fxe7 Qxe7 30.Re1 Qa7
31.Qe3 Qa8 32.Qd2 h5 33.Re7 Re8 34.Rxe8+ Bxe8 35.Rd8 Qe4 36.Kf2 Kf8 37.Qd6+ Kg8
38.Qe5 Qxe5 39.fxe5 Kf8 40.Ra8 Ke7 41.Rxa6  1-0

[Event "FIDE WCh Women KO"]
[Site "New Delhi IND"]
[Date "2000.12.03"]
[Round "3.1"]
[White "Demina,J"]
[Black "Peng Zhaoqin"]
[Result "0-1"]
[WhiteElo "2368"]
[BlackElo "2403"]

1.Nf3 d5 2.d4 Nf6 3.c4 c6 4.Nc3 e6 5.Qb3 Nbd7 6.Bf4 Be7 7.h3 O-O 8.e3 c5
9.cxd5 Nxd5 10.Nxd5 exd5 11.Be2 c4 12.Qc2 Bb4+ 13.Nd2 Nf6 14.O-O Be6 15.Rad1 b5
16.Bf3 Re8 17.e4 Bxd2 18.Rxd2 dxe4 19.Bxe4 Nxe4 20.Qxe4 c3 21.bxc3 Bc4 22.Qf3 Bxf1
23.Kxf1 Qe7 24.g3 Qe4 25.Qxe4 Rxe4 26.d5 Kf8 27.d6 Ke8 28.Rd5 a6 29.Rc5 h6
30.h4 Rd8 31.Rc7 Ra4 32.Re7+ Kf8 33.Re2 Rc4 34.Re3 f6 35.Rd3 Kf7 36.h5 Rc5
37.d7 Rc6 38.Bc1 Ke6 39.Re3+ Kxd7 40.Ba3 Re8 41.Rd3+ Ke6 42.Bb4 Ra8 43.Ba5 Rc5
44.g4 Rc4  0-1

[Event "FSIMB December"]
[Site "Budapest HUN"]
[Date "2000.12.10"]
[Round "8"]
[White "Kahn,E"]
[Black "Koskinen,Hen"]
[Result "0-1"]
[WhiteElo "2346"]
[BlackElo "2310"]

1.d4 d5 2.c4 c6 3.Nf3 Nf6 4.Nc3 e6 5.Qb3 Nbd7 6.g3 Be7 7.Bg2 O-O 8.O-O b6
9.Qa4 Bb7 10.Rd1 a6 11.cxd5 b5 12.Qb3 cxd5 13.Bf4 Qa5 14.a4 b4 15.Na2 Qb6
16.Nc1 a5 17.Qe3 Rac8 18.Ne5 Nxe5 19.dxe5 Qxe3 20.Bxe3 Nd7 21.f4 Rc2 22.Be4 Rc7
23.Bd3 f6 24.Nb3 fxe5 25.Nxa5 exf4 26.Bxf4 e5 27.Be3 Ba8 28.Rac1 Rfc8 29.Bf5 Rxc1
30.Bxc1 Rc7 31.Nb3 Nc5 32.Nxc5 Bxc5+ 33.Kg2 d4+ 34.Kh3 Bd5 35.Bd2 g6 36.Bd3 e4
37.Bb1 e3 38.Be1 Rf7 39.Rc1 Bf8 40.a5 Rf1 41.a6 Rg1 42.Kg4 Kg7 43.a7 h5+
44.Kg5 Be7+ 45.Kf4 Kf6 46.Be4 g5+ 47.Kf3 g4+  0-1

[Event "Open"]
[Site "Pula CRO"]
[Date "2001.05.26"]
[Round "9"]
[White "Titz,Hei"]
[Black "Heyl,T"]
[Result "1-0"]
[WhiteElo "2301"]
[BlackElo "2053"]

1.c4 e6 2.Nf3 d5 3.d4 Nf6 4.Nc3 c6 5.Qb3 Nbd7 6.Bg5 Be7 7.e3 O-O 8.Be2 dxc4
9.Bxc4 b5 10.Be2 Bb7 11.O-O a6 12.Rfd1 Qb6 13.a4 Rfb8 14.Bf4 Rc8 15.h3 b4
16.a5 Qa7 17.Na4 Nd5 18.Ne5 Nxe5 19.Bxe5 c5 20.Rac1 Rc6 21.e4 Nf6 22.d5 exd5
23.exd5 Nxd5 24.Rxd5 Re6 25.Bg4 Bxd5 26.Qxd5 Rd8 27.Qe4 Bg5 28.Rxc5 Re7 29.Nb6 Rde8
30.Qf5 f6 31.Bd6 Re1+ 32.Kh2 Qf7 33.f4 Bh4 34.Rc7 R8e3 35.Bf3 Rxf3 36.Qg4 Bg3+
37.Qxg3 Rxg3 38.Rxf7 Rd3 39.Ra7 Rd2 40.Bxb4  1-0

[Event "2nd IECC"]
[Site "Ohrid MKD"]
[Date "2001.06.03"]
[Round "3"]
[White "Ekstroem,R"]
[Black "Nielsen,PH"]
[Result "0-1"]
[WhiteElo "2492"]
[BlackElo "2585"]

1.d4 d5 2.c4 c6 3.Nf3 Nf6 4.Nc3 e6 5.Qb3 dxc4 6.Qxc4 b5 7.Qd3 a6 8.e4 c5
9.e5 cxd4 10.Nxd4 Nd5 11.Qg3 Bb7 12.Be2 Nb4 13.a3 N8c6 14.axb4 Nxd4 15.O-O Rc8
16.Bd1 Nf5 17.Qh3 Bxb4 18.Bg4 Nh4 19.Rd1 Qe7 20.Nd5 Bxd5 21.Rxd5 O-O 22.Rd1 a5
23.Be2 Rc5 24.Qg3 Ng6 25.Bg5 Qc7 26.Be3 Rc2 27.Bxb5 Rxb2 28.Bd4 Rd2 29.Qe3 Rxd1+
30.Rxd1 Qb7 31.Ba4 Nh4 32.Qh3 Nf5 33.g4 Nxd4 34.Rxd4 Qc7 35.Qe3 Bc5 36.Rc4 Rc8  0-1

[Event "Open"]
[Site "Andorra AND"]
[Date "2001.07.02"]
[Round "3"]
[White "Borges Mateos,J"]
[Black "Khenkin,I"]
[Result "1/2-1/2"]
[WhiteElo "2436"]
[BlackElo "2609"]

1.d4 d5 2.c4 e6 3.Nf3 Nf6 4.Nc3 c6 5.Qb3 dxc4 6.Qxc4 b5 7.Qb3 Nbd7 8.Bg5 Be7
9.g3 O-O 10.Bg2 b4 11.Bxf6 gxf6 12.Ne4 Ba6 13.Qe3 f5 14.Nc5 Nxc5 15.dxc5 Qd5  1/2-1/2

[Event "Strange Badger"]
[Site "Bucharest ROM"]
[Date "2001.08.09"]
[Round "5"]
[White "Manea,A"]
[Black "Trajkovic,P"]
[Result "1-0"]
[WhiteElo "2293"]
[BlackElo "2360"]

1.Nf3 Nf6 2.c4 e6 3.Nc3 d5 4.d4 c6 5.Bf4 dxc4 6.e4 Bb4 7.Qc2 b5 8.Be2 Bb7
9.O-O Be7 10.a4 a6 11.b3 b4 12.bxc4 bxc3 13.Rfb1 Nh5 14.Be3 Bc8 15.Ne5 Nf6
16.c5 Nfd7 17.Nc4 a5 18.Qxc3 Ba6 19.Bf4 Bxc4 20.Bxc4 O-O 21.Rb7 e5 22.Bxe5 Nxe5
23.dxe5 Na6 24.Bxa6 Rxa6 25.f4 Ra8 26.Rab1 Rc8 27.h3 Rc7 28.Kh2 Rd7 29.R1b3 Bh4
30.Qf3 Rxb7 31.Rxb7 Qc8 32.Ra7 Bd8 33.Qd3 Bc7 34.Qa6 Qxa6 35.Rxa6 Rc8 36.Rxc6 Kf8
37.Kg3 Ke7 38.Kg4 Kd7 39.Ra6 Rb8 40.Kf5 Rb4 41.c6+ Kd8 42.Ra8+ Rb8 43.Ra7 Rb6
44.Rxa5 Rxc6 45.Ra8+ Ke7 46.a5 Rc3 47.Ra7 h6 48.g3 g6+ 49.Kg4 h5+ 50.Kg5 Rxg3+
51.Kh6 Kd8 52.Kg7 Rf3 53.a6 g5 54.Ra8+ Ke7 55.Rf8 Ra3 56.Rxf7+ Kd8 57.e6 gxf4
58.Rd7+ Kc8 59.Rxc7+ Kd8 60.Rb7 Rxa6 61.Kf7  1-0

[Event "I American Continental"]
[Site "Cali COL"]
[Date "2001.08.12"]
[Round "3"]
[White "Mera Cedeno,A"]
[Black "Guevara Sanchez,E"]
[Result "1-0"]
[WhiteElo "2385"]
[BlackElo "2196"]

1.c4 e6 2.Nc3 d5 3.d4 Nf6 4.Nf3 c6 5.Qb3 dxc4 6.Qxc4 b5 7.Qd3 a6 8.Ne4 Nbd7
9.Bd2 Bb7 10.b4 Nxe4 11.Qxe4 a5 12.bxa5 b4 13.e3 Rxa5 14.Bc4 Bd6 15.O-O Qe7
16.Rfc1 O-O 17.Bb3 Rb8 18.Qc2 c5 19.dxc5 Nxc5 20.Bxb4 Bxf3 21.Bxa5 Qg5 22.g3 Nxb3
23.axb3 Qg4 24.Qc4 Qh5 25.e4 Qh3 26.Qf1 Qg4 27.Ra4 h5 28.e5 Bb4 29.Rc4 Qg5
30.Rcxb4 Rc8 31.Rc4 Rb8 32.b4 Qxe5 33.Bc7  1-0

[Event "WJun"]
[Site "Athens GRE"]
[Date "2001.08.23"]
[Round "7"]
[White "Markos,J"]
[Black "Miton,K"]
[Result "1/2-1/2"]
[WhiteElo "2479"]
[BlackElo "2516"]

1.d4 Nf6 2.Nf3 d5 3.c4 c6 4.Qb3 e6 5.Nc3 Be7 6.Bf4 O-O 7.e3 Nbd7 8.h3 Ne4
9.Bd3 Nxc3 10.Qxc3 c5 11.O-O cxd4 12.exd4 dxc4 13.Qxc4 Nf6 14.Rac1 b6 15.Ne5 Bb7
16.Rfd1 Rc8 17.Qa4 Qd5 18.f3 Rxc1 19.Rxc1 a6 20.Be3 b5 21.Qc2 Bd6 22.Nd7 Bh2+
23.Kxh2 Qxd7 24.Qc7 Rc8 25.Qxd7 Nxd7 26.Rxc8+ Bxc8 27.Be4 Nf6 28.Kg3 Kf8
29.Bg5 Nxe4+ 30.fxe4 f6 31.Bd2 Bd7 32.Kf4 Kf7 33.h4 h6 34.g3 g5+ 35.hxg5 hxg5+
36.Ke3 Kg6 37.Bb4 Kh5 38.Be7 Kg6  1/2-1/2

[Event "9th Asian Women"]
[Site "Chennai IND"]
[Date "2001.09.08"]
[Round "7"]
[White "Khan,N"]
[Black "Khan,N"]
[Result "1/2-1/2"]
[WhiteElo "2129"]
[BlackElo "2129"]

1.d4 d5 2.c4 c6 3.Nc3 Nf6 4.Nf3 e6 5.Bf4 Nbd7 6.e3 Be7 7.Bd3 dxc4 8.Bxc4 b5
9.Bd3 a6 10.O-O c5 11.Ne4 Qb6 12.dxc5 Nxc5 13.Nxc5 Qxc5 14.Rc1 Qd5 15.Qc2 Bb7
16.Rfd1 Qh5 17.Be2 Nd5 18.a3 O-O 19.Bg3 Rac8 20.Qd2 Nf6 21.Qa5 Rxc1 22.Rxc1 Bd8
23.Qb4 Qd5 24.Rd1 Qc6 25.Bd3 h6 26.Bf1 Re8 27.Nd4 Qc8  1/2-1/2